Subang zamrud bertatah berlian

Bibliographic Details
Format: Book
Published: Kuala Lumpur : DBP , 1992
Subjects:

MARC

LEADER 00000cam a2200000 7i4500
001 0000006725
002 000007250
005 20000330.0
020 |a 9836209271 
090 0 0 |a F   |b SUB 
245 0 0 |a Subang zamrud bertatah berlian 
260 |a Kuala Lumpur :   |b DBP ,   |c 1992 
300 |a 214 p. ;   |c 18 cm. 
650 0 0 |a Short stories, Malay 
999 |a 039503   |b BUKU   |c PINJAMAN   |e PERPUSTAKAAN KOMUNITI PETALING JAYA 
999 |a 039504   |b BUKU   |c PINJAMAN   |e PERPUSTAKAAN KOMUNITI PETALING JAYA